000 01042nam a22002777a 4500
999 _c14046
_d14046
003 AR-CdUCM
008 190417b ||||| |||| 00| 0 spa d
040 _aMUNICIPALIDAD PROVINCIAL DEL CUSCO
_cBIBLIOTECA MUNICIPAL DEL CUSCO
041 _heng
082 _a153 /
_bSC29
100 _aSchoenfeld, William N.
_932703
245 _aProgramas de estimulo los sistemas /
260 _aMéxico :
_bTrillas,
_c1979.
300 _a185 paginas ;
_bIlustraciones,
_c22 cm.
500 _aTitulo original :Stimulus shedules : the -t-T systemas
505 _aContenido : Introducción -- Parámetros temporales -- La probabilidad del reforzamiento -- Control de estímulos -- Control aversivo...
650 _aEstimulos dependiente
_932704
650 _aSistemas del cuerpo
_929078
650 _aPsicologia
_91538
650 _aExperimentos
_92381
650 _aProcedimiento analitico
_932705
700 _aCole, Brett K.
_932706
700 _aChelén Fraulic, Dunia (Traductora)
_932707
942 _2ddc
_cLIBROS
945 _awnts
_d2019-04-17